00889 a2200181 45000010006000000050017000060080041000230030015000640400040000790800084001192450039002032500012002422640051002543000019003055050334003241000024006587000025006825901320260407155844.0260407a1956 arg spa dAR-UNSa-BCEJYS aAR-UNSa-BCEJYSbspacAR-UNSa-BCEJYS a338.1xSituación económica. Ciclos. Desarrollo de la estructura económica10aEnsayos sobre el ciclo económico a2a. ed. 1aMéxico :bFondo de Cultura Económicac1956 a521 p.c24 cm. a1. Panorama del ciclo económico y métodos del análisis - 2. Ahorro, inversión e ingreso nacional - 3. Multiplicador, principio de aceleración y gastos públicos - 4. Teoría monetaria del ciclo económico - 5. Teoría del subconsumo y tesis del estacionamiento secular - 6. Ciclos especiales - 7. Recapitulación. 1 aHaberler, Gottfried1 aUrquidi, Víctor L.